• 首页
  • 本馆介绍
  • 公告通知
  • 最新文献
  • 馆藏检索
  • 电子资源
  • 读者导购
  • 参考咨询
  • 我的图书馆
  • 登录
  • 详细信息显示
  • 放入我的书架
  • 预约/预借图书
  • 作者相关作品
  • 分类相关作品
  • 丛书相关作品
  • 出版社相关作品

书目信息

  • 表格格式
  • 工作单格式
  • 卡片格式
题名:
贝叶斯统计模型及其应用研究
    
 
作者: 王明高 著
分册:  
出版信息: 北京   经济科学出版社  2017.1
页数: 298页
开本: 24cm
丛书名:
单 册:
中图分类: O212.8
科图分类:
主题词: 贝叶斯统计量--研究
电子资源:
ISBN: 978-7-5141-7754-1
000 00812nam0 2200229 450
001 0400004735
005 20171024173226.0
010    @a978-7-5141-7754-1@dCNY58.00
100    @a20170905d2017 kemy0chiy50 ea
101 0  @achi
102    @aCN@b110000
105    @aa v 000yy
106    @ar
200 1  @a贝叶斯统计模型及其应用研究@9bei ye si tong ji mo xing ji qi ying yong yan jiu@f王明高著
210    @a北京@c经济科学出版社@d2017.1
215    @a298页@c图@d24cm
330    @a本书共分八章,内容包括:随机变量的生产、蒙特卡洛积分、蒙特卡洛EM方法、贝叶斯推断、贝叶斯MCMC方法、贝叶斯混合模型、贝叶斯线性回归模型、贝叶斯分层模型。
606 0  @a贝叶斯统计量@x研究
690    @aO212.8@v5
701  0 @a王明高@9wang ming gao@c(数理统计)@4著
801  0 @aCN@b91MARC@c20171024
905    @b1039080-4@dO212.8@f5@e110
    
    贝叶斯统计模型及其应用研究/王明高著.-北京:经济科学出版社,2017.1
    298页:图;24cm
    
    
    ISBN 978-7-5141-7754-1:CNY58.00
    本书共分八章,内容包括:随机变量的生产、蒙特卡洛积分、蒙特卡洛EM方法、贝叶斯推断、贝叶斯MCMC方法、贝叶斯混合模型、贝叶斯线性回归模型、贝叶斯分层模型。
●
相关链接 在E读中查询图书 在五车中查询图书 在当当中查询图书 在豆瓣中查询图书


正题名:贝叶斯统计模型及其应用研究     索取号:O212.8/110         预约/预借

序号 登录号 条形码 馆藏地/架位号 状态 备注
1 1039080   210390806   第二样本阅览室/ [索取号:O212.8/110] 在馆    
2 1039081   210390815   数信系资料室/ [索取号:O212.8/110] 在馆    
3 1039082   210390824   第三借阅区/ [索取号:O212.8/110] 在馆    
4 1039083   210390833   第三借阅区/ [索取号:O212.8/110] 在馆    
5 1039084   210390842   第三借阅区/ [索取号:O212.8/110] 在馆    
唐山师范学院图书馆 欢迎您!
大连网信软件有限公司© 版权所有